000 00464nam a2200157 i 4500
001 47146
003 ES-MaACL
005 20230906161518.0
007 t|
008 030404s1875 fr ||||1| fre d
245 0 4 _aLes constitutions de la France /
_cavec un commentaire par Faustin Adolphe Helie.
260 _aParis :
_b[s.n.,
_c1875] (
_fCorbeil Creté)
300 _a4 v. ;
_c22 cm.
700 1 _aHelie, Faustin Adolphe.
_962428
852 _aES-MaACL
_jB-1009-12
999 _c47146
_d47146